La situación económica en 1957 / (Record no. 105516)

MARC details
000 -LEADER
campo de control de longitud fija 00565nam a2200181 i 4500
001 - NÚMERO DE CONTROL
campo de control 105516
003 - IDENTIFICADOR DE NÚMERO DE CONTROL
campo de control ES-MaACL
007 - CAMPO FIJO DE DESCRIPCIÓN FÍSICA--INFORMACIÓN GENERAL
campo de control de longitud fija t|
008 - DATOS DE LONGITUD FIJA--INFORMACIÓN GENERAL
campo de control de longitud fija 060720s1958 sp ||||1| spa d
080 ## - NÚMERO DE LA CLASIFICACIÓN DECIMAL UNIVERSAL
Número de la Clasificación Decimal Universal 338.1(460)"1957"
245 03 - MENCIÓN DEL TÍTULO
Título La situación económica en 1957 /
Mención de responsabilidad, etc. Banco Hispano Americano.
260 ## - PUBLICACIÓN, DISTRIBUCIÓN, ETC.
Lugar de publicación, distribución, etc. Madrid :
Nombre del editor, distribuidor, etc. Banco Hispano Americano,
Fecha de publicación, distribución, etc. 1958.
300 ## - DESCRIPCIÓN FÍSICA
Extensión 111 p. ;
Dimensiones 22 cm.
500 ## - NOTA GENERAL
Nota general Biblioteca Juan Andrade.
651 #4 - PUNTO DE ACCESO ADICIONAL DE MATERIA--NOMBRE GEOGRÁFICO
Nombre geográfico España-
Subdivisión general Situación económica-
Subdivisión cronológica 1957.
9 (RLIN) 8499
710 2# - ENTRADA AGREGADA--NOMBRE DE ENTIDAD CORPORATIVA
Nombre de entidad corporativa o nombre de jurisdicción como elemento de entrada Banco Hispano Americano.
9 (RLIN) 2128
852 ## - LOCALIZACIÓN
Ubicación ES-MaACL
Número de control de estantería AND-321
Sublocalización o colección R.109626
Holdings
Estatus retirado Estado de pérdida Estado de daño No para préstamo Biblioteca de origen Biblioteca actual Ubicación en estantería Fecha de adquisición Fuente de adquisición Total de préstamos Signatura topográfica completa Código de barras Visto por última vez Precio de reemplazo Tipo de ítem Koha
        Biblioteca del Ateneo de Madrid Biblioteca del Ateneo de Madrid Depósito 2 17/01/2008     AND-321 1110165 23/02/2023 23/02/2023 Libro impreso